Has vist mai una porta invisible? : 100 anys del Col·legi Sant Josep de Navàs / 100 anys del Col·legi Sant Josep de Navàs /
ISBN:
9788410087644
Descripción Física:
36 pàgines no numerades : il·lustracions en color ; 22 x 22 cm
Otros Autores:
Gubianas i Escudé, Valentí
Idioma:
Catalán
MARC
| LEADER | 00000nam a2200000 i 4500 | ||
|---|---|---|---|
| 001 | 29266 | ||
| 003 | AGDB | ||
| 005 | 20260324181545.0 | ||
| 008 | 260122e202410 spcdo|| ||||o0|0 0 cat| | ||
| 017 | |a B 5100-2025 | ||
| 020 | |a 9788410087644 | ||
| 041 | |a cat | ||
| 100 | |a Pujolar i Trench, Joaquim |9 72965 |e autor | ||
| 245 | 1 | 3 | |a Has vist mai una porta invisible? : |b 100 anys del Col·legi Sant Josep de Navàs / |c text: Quim Pujolar ; il·lustracions: Valentí Gubianas |
| 250 | |a Primera edició : |b març de 2025 | ||
| 264 | 1 | |a Manresa : |b Parcir Edicions Selectes, |c 2025 | |
| 300 | |a 36 pàgines no numerades : |b il·lustracions en color ; |c 22 x 22 cm | ||
| 336 | |a text |b txt |2 rdacontent | ||
| 700 | |a Gubianas i Escudé, Valentí |9 72966 |e il·lustrador | ||
| 908 | |a BC | ||
| 940 | |a BC | ||
| 942 | |2 udc |c ARXIU |n 1 | ||
| 952 | |0 0 |1 0 |2 udc |4 0 |6 BIB1405 |7 1 |9 98998 |a Arxiu |b Arxiu |d 2026-01-22 |l 0 |o Bib-1405 |p 29266 |r 2026-01-22 12:49:35 |w 2026-01-22 |y ARXIU | ||
| 999 | |c 130664 |d 130664 | ||